Les duos célèbres de BD et séries télévisées - Statistiques

Statistiques générales
  • Ce quiz a été pris 1 570 fois
  • Le résultat moyen est 15 sur 22
Statistiques - réponses
Premier Deuxième % Correct
Boule Bill
100%
Astérix Obélix
98%
Tic Tac
96%
Tintin Milou
95%
Bernard Bianca
89%
Mickey Minnie
89%
Dupond Dupont
88%
Titi Grosminet
86%
Olive Tom
85%
Tom Jerry
83%
Batman Robin
83%
Starsky Hutch
79%
Spirou Fantasio
72%
Blake Mortimer
59%
Arnold Willy
51%
Satanas Diabolo
42%
Mulder Scully
40%
Pif Hercule
32%
Jonathan Jennifer
26%
Tanguy Laverdure
24%
Sylvain Sylvette
22%
Zig Puce
13%
Aucun quiz correspondant
Distribution des résultats
% des personnes avec chaque résultat
Percentile par nombre de réponses
Votre historique - résultats
Vous n’avez pas pris ce quiz